000 00958nam a22002057a 4500
999 _c8617
_d8617
003 AR-CdUCM
008 190325b ||||| |||| 00| 0 spa d
040 _aMUNICIPALIDAD PROVINCIAL DEL CUSCO
_cBIBLIOTECA MUNICIPAL DEL CUSCO
082 _a611.3 /
_bF83
100 _aFrisancho V. ,Oscar
_924110
245 _aVolvulos Intestinales en la Altura /
260 _aPerú :
_bLos andes ,
_c1987.
300 _a115 páginas ;
_c28.5 cm.
505 _aContenido : Generalidades -- Volvulo de Sigmoides en la Alturas -- Tratamiento de volvulo de sigmoides en la altura -- Volvulos de colon -- Dolicomegacolon -- Volvulo de intestino delgado en la altura -- Bajo Incidencia de colopatía diverticular en los pobladores del altiplano peruano -- Tiempo de transito intestinal en nativos del altiplano peruano...
650 _aMedicina
_93637
650 _aInvestigacion Medica
_924111
650 _aMedicina en el Peru
_924112
942 _2ddc
_cLIBROS
945 _artm